Conferencias sobre philosophia da historia : (Record no. 161064)

MARC details
000 -LEADER
campo de control de longitud fija 00722nam a22001695i 4500
001 - NÚMERO DE CONTROL
campo de control 161064
003 - IDENTIFICADOR DE NÚMERO DE CONTROL
campo de control ES-MaACL
005 - FECHA Y HORA DE LA ÚLTIMA TRANSACCIÓN
campo de control 20230906212204.0
008 - DATOS DE LONGITUD FIJA--INFORMACIÓN GENERAL
campo de control de longitud fija 041015s1871 po |||| | por d
080 ## - NÚMERO DE LA CLASIFICACIÓN DECIMAL UNIVERSAL
Número de la Clasificación Decimal Universal 930.1
100 1# - ENTRADA PRINCIPAL--NOMBRE DE PERSONA
Nombre de persona Ornellas Bruges, Theotonio Simão Paim d'.
9 (RLIN) 130692
245 10 - MENCIÓN DEL TÍTULO
Título Conferencias sobre philosophia da historia :
Resto del título feitas no Gremio Litterario d'Angra do Heroismo.
Número de parte o sección de la obra 1 /
Mención de responsabilidad, etc. por Theotonio Simão Paim d'Ornellas Bruges.
260 ## - PUBLICACIÓN, DISTRIBUCIÓN, ETC.
Lugar de publicación, distribución, etc. Angra do Heroismo :
Nombre del editor, distribuidor, etc. [s.n.],
Fecha de publicación, distribución, etc. 1871 (
Fabricante Typ. Angrense)
300 ## - DESCRIPCIÓN FÍSICA
Extensión 1 v. (VI, 32 p.) ;
Dimensiones 23 cm.
650 #4 - PUNTO DE ACCESO ADICIONAL DE MATERIA--TÉRMINO DE MATERIA
Término de materia o nombre geográfico como elemento de entrada Historia-
Subdivisión general Filosofía.
9 (RLIN) 13380
852 4# - LOCALIZACIÓN
Ubicación ES-MaACL
Número de control de estantería T-128-F-4
Nota libre - Enc. hol., sólo 1ª parte, falto de cub. original
-- - Enc. en un vol. facticio
Holdings
Estatus retirado Estado de pérdida Estado de daño No para préstamo Colección Biblioteca de origen Biblioteca actual Ubicación en estantería Fecha de adquisición Total de préstamos Signatura topográfica completa Código de barras Visto por última vez Precio de reemplazo Tipo de ítem Koha
        Colección de folletos Biblioteca del Ateneo de Madrid Biblioteca del Ateneo de Madrid Depósito folletos 17/01/2008   T-128-F-4 1168700 23/02/2023 23/02/2023 Folleto